000 00466nam a22001457a 4500
999 _c121638
_d121638
005 20210315103103.0
008 210315b ||||| |||| 00| 0 eng d
040 _cPK-LaUMT
082 _aRHC 914
_bAKH-D
100 _aAkhtar Riaz ud Din = اختر ریاض الدین
245 _aDhunak par qadam = دھنک پر قدم /
_cby Akhtar Riaz ud Din = اختر ریاض الدین
260 _aLahore :
_bNasim Book Depot,
_c1976
300 _a168 p.
942 _cBK